Urban Agglomeration - Letter I - Statistics

General Stats
  • This quiz has been taken 30 times
  • The average score is 3 of 6
Answer Stats
Second Letter Answer % Correct
S Istanbul | Isfahan
93%
Z Izmir
82%
N Indianapolis
75%
B Ibadan
64%
L Ilorin
25%
R Irbid
4%
No matching quizzes found
Score Distribution
Percent of People with Each Score
Percentile by Number Answered
Your Score History
You have not taken this quiz